<?xml version="1.0" encoding="UTF-8"?><record xmlns="http://www.loc.gov/MARC21/slim" xmlns:zs="http://docs.oasis-open.org/ns/search-ws/sruResponse">
  <leader>04164nkm a22004573i 4500</leader>
  <controlfield tag="001">22137664</controlfield>
  <controlfield tag="005">20250607110332.6</controlfield>
  <controlfield tag="007">cr |||||||||||</controlfield>
  <controlfield tag="008">210708s1856    xx nnn       |o   ineng  </controlfield>
  <datafield ind1=" " ind2=" " tag="035">
    <subfield code="a">22137664</subfield>
  </datafield>
  <datafield ind1=" " ind2=" " tag="906">
    <subfield code="a">0</subfield>
    <subfield code="b">ibc</subfield>
    <subfield code="c">orignew</subfield>
    <subfield code="d">u</subfield>
    <subfield code="e">ncip</subfield>
    <subfield code="f">20</subfield>
    <subfield code="g">y-gencatlg</subfield>
  </datafield>
  <datafield ind1=" " ind2=" " tag="955">
    <subfield code="a">LCAP batch update 2025-06-02-04:00: LCAPM-999</subfield>
  </datafield>
  <datafield ind1=" " ind2=" " tag="010">
    <subfield code="a">  2021670394</subfield>
  </datafield>
  <datafield ind1=" " ind2=" " tag="035">
    <subfield code="a">(WDL)09470</subfield>
  </datafield>
  <datafield ind1=" " ind2=" " tag="040">
    <subfield code="a">DLC</subfield>
    <subfield code="b">eng</subfield>
    <subfield code="c">DLC</subfield>
  </datafield>
  <datafield ind1=" " ind2=" " tag="041">
    <subfield code="a">eng</subfield>
  </datafield>
  <datafield ind1=" " ind2=" " tag="080">
    <subfield code="a">670</subfield>
  </datafield>
  <datafield ind1=" " ind2=" " tag="080">
    <subfield code="a">974</subfield>
  </datafield>
  <datafield ind1="0" ind2="0" tag="245">
    <subfield code="a">Cornelius &amp; Baker, Manufacturers of Lamps, Chandeliers, Gas Fixtures, Et cetera. Columbia Avenue &amp; Fifth Street, Philadelphia.</subfield>
  </datafield>
  <datafield ind1="3" ind2="1" tag="246">
    <subfield code="a">Cornelius &amp; Baker, manufacturers of lamps, chandeliers, gas fixtures, etc. Manufactories: No. 181 Cherry St &amp; Columbia Avenue &amp; 5th St, Philadelphia. Store, 176 Chestnut Street.</subfield>
  </datafield>
  <datafield ind1=" " ind2=" " tag="260">
    <subfield code="a">Philadelphia :</subfield>
    <subfield code="b">Printed by Wagner &amp; McGuigan,</subfield>
    <subfield code="c">1856.</subfield>
  </datafield>
  <datafield ind1=" " ind2=" " tag="300">
    <subfield code="a">1 online resource.</subfield>
  </datafield>
  <datafield ind1=" " ind2=" " tag="336">
    <subfield code="a">still image</subfield>
    <subfield code="b">sti</subfield>
    <subfield code="2">rdacontent</subfield>
  </datafield>
  <datafield ind1=" " ind2=" " tag="337">
    <subfield code="a">computer</subfield>
    <subfield code="b">c</subfield>
    <subfield code="2">rdamedia</subfield>
  </datafield>
  <datafield ind1=" " ind2=" " tag="338">
    <subfield code="a">online resource</subfield>
    <subfield code="b">cr</subfield>
    <subfield code="2">rdacarrier</subfield>
  </datafield>
  <datafield ind1=" " ind2=" " tag="500">
    <subfield code="a">Title devised, in English, by Library staff.</subfield>
  </datafield>
  <datafield ind1=" " ind2=" " tag="500">
    <subfield code="a">"Digital catalog number: POS 163"--Note extracted from World Digital Library.</subfield>
  </datafield>
  <datafield ind1=" " ind2=" " tag="500">
    <subfield code="a">Original resource extent: 1 print : lithograph, tinted with two stones ; 30 x 58 centimeters.</subfield>
  </datafield>
  <datafield ind1="4" ind2=" " tag="510">
    <subfield code="a">Reference extracted from World Digital Library: Grissom, Carol A., The Zinc Statuettes of Cornelius and Baker (Henry Francis du Pont Winterthur Museum, 2012).|Grissom, Carol A., Zinc Sculpture in America, 1850-1950 (Newark: University of Delaware Press, 2009).|Rease, William H., Philadelphia on Stone Biographical Dictionary, Library Company of Philadelphia, http://www.lcpdigital.org.</subfield>
  </datafield>
  <datafield ind1=" " ind2=" " tag="520">
    <subfield code="a">William H. Rease, born in Pennsylvania circa 1818, was the most prolific lithographer of advertising prints in Philadelphia during the 1840s and 1850s. This advertisement shows the large Cornelius and Baker industrial building occupying most of the 500 block of Columbia Avenue. Near one of the entries, a man holds a horse hitched to a sulky as an omnibus is about to round the corner.  In the foreground, passengers board the Germantown Road North Fifth Street omnibus, as a man on horseback approaches. Christian Cornelius, a Dutch immigrant silversmith, founded his lighting business in 1827, which became Cornelius, Baker, and Company in 1835. By the 1850s, it operated the factory illustrated here, another on Cherry Street, and a store at 176 Chestnut Street. The firm initially made brass lighting fixtures but later also made zinc fixtures and sculptures, some of which were installed in the United States Capitol. The business was succeeded by Cornelius and Sons and Baker, Arnold and Company in 1869. Rease became active in his trade around 1844, and through the 1850s he mainly worked with printers Frederick Kuhl and Wagner &amp; McGuigan in the production of advertising prints known for their portrayals of human details. Although Rease often collaborated with other lithographers, by 1850 he promoted in O'Brien's Business Directory his own establishment at 17 South Fifth Street, above Chestnut Street. In 1855 he relocated his establishment to the northeast corner of Fourth and Chestnut Streets (after a circa 1853-55 partnership with Francis Schell), where in addition to advertising prints he produced certificates, views, maps, and maritime prints.</subfield>
  </datafield>
  <datafield ind1="1" ind2=" " tag="535">
    <subfield code="3">Original resource at:</subfield>
    <subfield code="a">The Library Company of Philadelphia.</subfield>
  </datafield>
  <datafield ind1=" " ind2=" " tag="546">
    <subfield code="a">Content in English.</subfield>
  </datafield>
  <datafield ind1="0" ind2=" " tag="588">
    <subfield code="a">Description based on data extracted from World Digital Library, which may be extracted from partner institutions.</subfield>
  </datafield>
  <datafield ind1=" " ind2="0" tag="653">
    <subfield code="a">1856</subfield>
  </datafield>
  <datafield ind1=" " ind2="0" tag="653">
    <subfield code="a">Advertising</subfield>
    <subfield code="a">Carriages and carts</subfield>
    <subfield code="a">Cities and towns</subfield>
    <subfield code="a">Factories</subfield>
    <subfield code="a">Gas light fixtures industry</subfield>
    <subfield code="a">Horse-drawn vehicles</subfield>
    <subfield code="a">Horseback riding</subfield>
    <subfield code="a">Laborers</subfield>
    <subfield code="a">Lithographs</subfield>
    <subfield code="a">Merchants</subfield>
    <subfield code="a">Street scenes</subfield>
    <subfield code="a">Wagons</subfield>
  </datafield>
  <datafield ind1=" " ind2=" " tag="720">
    <subfield code="a">Rease, William H., circa 1818-1893</subfield>
    <subfield code="e">Artist.</subfield>
  </datafield>
  <datafield ind1=" " ind2=" " tag="752">
    <subfield code="a">United States of America</subfield>
    <subfield code="b">Pennsylvania</subfield>
    <subfield code="d">Philadelphia</subfield>
  </datafield>
  <datafield ind1="0" ind2=" " tag="773">
    <subfield code="t">Philadelphia on Stone</subfield>
  </datafield>
  <datafield ind1="4" ind2="0" tag="856">
    <subfield code="d">gdcwdl</subfield>
    <subfield code="f">wdl_09470</subfield>
    <subfield code="u">https://hdl.loc.gov/loc.wdl/wdl.9470</subfield>
  </datafield>
  <datafield ind1=" " ind2=" " tag="985">
    <subfield code="a">wdl/wdlpartner/wdllcphilly</subfield>
  </datafield>
  <datafield ind1=" " ind2=" " tag="991">
    <subfield code="b">s-Online</subfield>
    <subfield code="h">Electronic Resource</subfield>
  </datafield>
</record>
